[Event "Lviv Tradition May 2018"]
[Site "Lviv"]
[Date "2018.05.16"]
[Round "1"]
[White "Badelka, Olga"]
[Black "Shkuran, Danylo"]
[Result "1-0"]
[WhiteElo "2397"]
[BlackElo "2395"]
[Annotator "NA"]
[PlyCount "83"]
[EventDate "2018.??.??"]
[EventType "tourn"]
[EventCountry "UKR"]
[SourceTitle "playchess.com"]
[Source "ChessBase"]
[SourceQuality "1"]
[TimeControl "5400+30"]

1. d4 {[%emt 0:00:00]} d5 {[%emt 0:00:42]} 2. c4 {[%emt 0:00:00]} c6 {[%emt 0:00:11]} 3. Nf3 {[%emt 0:00:00]} Nf6 {[%emt 0:00:10]} 4. Nc3 {[%emt 0:00:00]} e6 {[%emt 0:00:41]} 5. Bg5 {[%emt 0:00:00]} h6 {[%emt 0:01:24]} 6. Bh4 {[%emt 0:00:07] LiveBook: 2077 Games} (6. Bxf6 $5 Qxf6 7. e3 $14) 6... Be7 {[%emt 0:00:28]} 7. e3 {[%emt 0:00:12]} O-O {[%emt 0:00:43]} 8. Qc2 {[%emt 0:00:52] D53: Queen's Gambit Declined: 4 Bg5 Be7: Early deviations} b6 {[%emt 0:03:25]} (8... Nbd7 9. Rd1 a6 10. b3 b5 11. Bd3 bxc4 12. bxc4 dxc4 13. Bxc4 Qa5 14. O-O c5 15. d5 Nb6 16. Bxf6 Bxf6 17. Ne4 Be7 18. dxe6 Bxe6 19. Bxe6 fxe6 {1-0 (41) Jakovenko,D (2745)-Goganov,A (2609) Khanty-Mansiysk 2014}) 9. cxd5 {[%emt 0:06:52]} cxd5 {[%emt 0:09:55]} 10. Rc1 $146 {[%emt 0:02:49]} ({Predecessor:} 10. Ne5 Bb7 11. Bd3 Nbd7 12. Nxd7 Qxd7 13. O-O Rac8 14. Rac1 Ne4 15. Bxe7 Qxe7 16. Bxe4 dxe4 {½-½ (40) Nieves Cabanes,J (2309)-Tattersall Rodriguez,L (2275) Linares 2017}) 10... Bb7 {[%emt 0:03:18]} 11. Be2 {[%emt 0:03:07]} Nbd7 {[%emt 0:01:15]} 12. O-O {[%emt 0:00:54]} a6 {[%emt 0:06:10]} 13. Qb1 {[%emt 0:11:02]} b5 {[%emt 0:15:54]} 14. Rc2 {[%emt 0:01:46]} Nb6 {[%emt 0:08:31]} 15. b3 {[%emt 0:02:54]} Rc8 {[%emt 0:17:41]} 16. Ne5 {[%emt 0:01:12]} Nfd7 {[%emt 0:04:56]} 17. Bxe7 {[%emt 0:00:46]} Qxe7 {[%emt 0:00:07]} 18. Nxd7 {[%emt 0:02:29]} Qxd7 {[%emt 0:00:49]} 19. Rfc1 {[%emt 0:00:15]} Qd6 {[%emt 0:03:12]} 20. a4 {[%emt 0:01:43]} b4 {[%emt 0:01:01]} 21. Nd1 {[%emt 0:00:07]} Rxc2 {[%emt 0:02:58]} 22. Rxc2 {[%emt 0:00:19]} e5 {[%emt 0:03:45]} 23. dxe5 {[%emt 0:04:36]} Qxe5 {[%emt 0:00:06]} 24. Qb2 {[%emt 0:00:33]} Qd6 {[%emt 0:13:50]} 25. Qd4 {[%emt 0:00:26]} Rc8 $16 {[%emt 0:00:27]} 26. Rxc8+ {[%emt 0:01:44]} Nxc8 {[%emt 0:01:06]} 27. Nb2 {[%emt 0:02:53]} a5 {[%emt 0:00:26]} 28. Bb5 {[%emt 0:07:27]} Qc7 {[%emt 0:00:43]} 29. Nd3 {[%emt 0:03:01]} Nd6 {[%emt 0:00:33]} 30. Qc5 {[%emt 0:02:46]} Qd8 {[%emt 0:00:29]} 31. f3 {[%emt 0:01:49]} Qf6 {[%emt 0:00:32]} 32. Qc7 {[%emt 0:10:04]} Qe6 {[%emt 0:00:13]} 33. Kf2 {[%emt 0:01:15]} d4 {[%emt 0:00:27]} 34. exd4 {[%emt 0:02:37]} Nxb5 {[%emt 0:00:04]} 35. axb5 {[%emt 0:01:31]} Qxb3 {[%emt 0:00:05]} 36. Ne5 {[%emt 0:10:56]} Qd5 {[%emt 0:00:05]} 37. Nd7 {[%emt 0:00:27]} Qxb5 {[%emt 0:02:00]} 38. Qd8+ {[%emt 0:02:08]} Kh7 {[%emt 0:00:04]} 39. Nf8+ {[%emt 0:00:08]} Kg8 {[%emt 0:00:04]} 40. Ng6+ {[%emt 0:00:15]} Kh7 {[%emt 0:00:07]} 41. Ne7 {[%emt 0:00:51]} h5 {[%emt 0:01:15]} 42. h4 {[%emt 0:00:05]} 1-0

[Event "Lviv Tradition May 2018"]
[Site "Lviv"]
[Date "2018.05.16"]
[Round "1"]
[White "Bogdanov, Egor"]
[Black "Oglaza, Oskar"]
[Result "0-1"]
[WhiteElo "2335"]
[BlackElo "2279"]
[Annotator "NA"]
[PlyCount "146"]
[EventDate "2018.??.??"]
[EventType "tourn"]
[EventCountry "UKR"]
[SourceTitle "playchess.com"]
[Source "ChessBase"]
[SourceQuality "1"]
[TimeControl "5400+30"]

1. e4 {[%emt 0:00:00]} c5 {[%emt 0:00:05]} 2. Nf3 {[%emt 0:00:00]} d6 {[%emt 0:00:07]} 3. d4 {[%emt 0:00:20]} cxd4 {[%emt 0:00:11]} 4. Nxd4 {[%emt 0:00:08]} Nf6 {[%emt 0:00:07]} 5. Nc3 {[%emt 0:00:02]} a6 {[%emt 0:00:08]} 6. Be3 {[%emt 0:00:31]} e5 {[%emt 0:00:44]} 7. Nb3 {[%emt 0:00:22]} Be7 {[%emt 0:00:12] LiveBook: 1628 Games} 8. Qd2 {[%emt 0:00:27] B90: Sicilian Najdorf: Unusual White 6th moves, 6 Be3 Ng4 and 6 Be3 e5} O-O {[%emt 0:00:13]} 9. O-O-O {[%emt 0:00:23]} a5 {[%emt 0:00:24]} 10. a4 {[%emt 0:02:49]} Be6 {[%emt 0:00:16]} 11. f4 {[%emt 0:02:41]} Qc8 {[%emt 0:00:24]} 12. Kb1 {[%emt 0:00:35]} Nc6 {[%emt 0:01:32]} 13. f5 {[%emt 0:04:19]} Nxe4 {[%emt 0:01:49]} 14. Nxe4 {[%emt 0:01:20]} Bxf5 {[%emt 0:00:04]} 15. Bd3 {[%emt 0:06:45]} Nb4 {[%emt 0:01:11]} 16. Rhf1 $146 {[%emt 0:01:50]} Bg6 {[%emt 0:00:37]} 17. Nc3 {[%emt 0:07:56]} Nxd3 {[%emt 0:17:50]} 18. cxd3 {[%emt 0:01:30]} Qe6 {[%emt 0:00:07]} 19. Na1 {[%emt 0:00:25]} d5 {[%emt 0:00:38]} 20. Nc2 {[%emt 0:01:27]} d4 {[%emt 0:00:21]} 21. Nxd4 {[%emt 0:12:26]} exd4 {[%emt 0:00:12]} 22. Bxd4 {[%emt 0:00:03]} Bb4 {[%emt 0:04:49]} 23. Rf3 {[%emt 0:04:28]} Rfd8 {[%emt 0:00:26]} 24. Rf4 {[%emt 0:04:17]} Bxc3 {[%emt 0:05:47]} 25. bxc3 {[%emt 0:00:51]} Qb3+ {[%emt 0:02:56]} 26. Kc1 {[%emt 0:00:06]} Qxa4 {[%emt 0:00:10]} 27. Qb2 {[%emt 0:00:09]} Rac8 {[%emt 0:00:40]} 28. Qc2 {[%emt 0:05:19]} Qb5 {[%emt 0:12:06]} 29. h4 {[%emt 0:02:54]} f6 {[%emt 0:24:33]} 30. g4 {[%emt 0:00:21]} Bf7 {[%emt 0:01:00]} 31. Rdf1 {[%emt 0:00:17]} Bb3 {[%emt 0:00:51]} 32. Qd2 {[%emt 0:01:35]} Qa4 {[%emt 0:02:30]} 33. Qb2 {[%emt 0:07:30]} Rxd4 {[%emt 0:02:37]} 34. Rxd4 {[%emt 0:01:58]} Qxd4 {[%emt 0:00:02]} 35. Qxb3+ {[%emt 0:00:10]} Kh8 {[%emt 0:00:04]} 36. Kd2 {[%emt 0:00:36]} Qxg4 {[%emt 0:00:14]} 37. Qxb7 {[%emt 0:00:04]} Re8 {[%emt 0:00:05]} 38. Qf3 {[%emt 0:00:04]} Qxh4 {[%emt 0:02:01]} 39. c4 {[%emt 0:01:39]} Qd4 {[%emt 0:00:55]} 40. Kc2 {[%emt 0:00:58]} h6 {[%emt 0:05:32]} 41. Rb1 {[%emt 0:01:02]} a4 {[%emt 0:00:50]} 42. Rb7 {[%emt 0:03:44]} a3 {[%emt 0:04:26]} 43. Qg3 {[%emt 0:01:24]} f5 {[%emt 0:06:46]} 44. Rb8 {[%emt 0:00:16]} Rxb8 {[%emt 0:00:23]} 45. Qxb8+ {[%emt 0:00:02]} Kh7 {[%emt 0:00:22]} 46. Qb3 {[%emt 0:00:33]} Qa1 $19 {[%emt 0:02:16]} (46... Qf2+ $142 47. Kb1 h5 48. Qxa3 h4) 47. Qb5 {[%emt 0:02:59]} Qf1 {[%emt 0:01:01]} 48. Qb3 {[%emt 0:06:48]} a2 {[%emt 0:00:57]} 49. Qxa2 {[%emt 0:00:06]} Qe2+ {[%emt 0:00:07]} 50. Kb3 {[%emt 0:00:14]} Qxa2+ {[%emt 0:00:15]} 51. Kxa2 {[%emt 0:00:01]} f4 {[%emt 0:00:07]} 52. c5 {[%emt 0:00:14]} f3 {[%emt 0:00:02]} 53. c6 {[%emt 0:00:06]} f2 {[%emt 0:00:03]} 54. c7 {[%emt 0:00:05]} f1=Q {[%emt 0:00:05]} 55. c8=Q {[%emt 0:00:06]} Qxd3 {[%emt 0:00:14]} 56. Qc5 {[%emt 0:01:11]} Qg6 {[%emt 0:00:32]} 57. Qe7 {[%emt 0:00:40]} h5 {[%emt 0:00:11]} 58. Qd8 {[%emt 0:00:04]} Qf6 {[%emt 0:01:12]} 59. Qd3+ {[%emt 0:00:08]} Kh6 {[%emt 0:00:06]} 60. Qe3+ {[%emt 0:00:55]} g5 {[%emt 0:00:16]} 61. Kb1 {[%emt 0:00:25]} h4 {[%emt 0:01:02]} 62. Qh3 {[%emt 0:00:04]} Kh5 {[%emt 0:00:24]} 63. Qc8 {[%emt 0:00:06]} g4 {[%emt 0:00:30]} 64. Kc1 {[%emt 0:00:37]} h3 {[%emt 0:00:35]} 65. Qc7 {[%emt 0:00:11]} Kh4 {[%emt 0:00:31]} 66. Kd2 {[%emt 0:00:11]} Qf2+ {[%emt 0:00:06]} 67. Kd1 {[%emt 0:00:18]} h2 {[%emt 0:00:17]} 68. Qh7+ {[%emt 0:00:07]} Kg3 {[%emt 0:00:05]} 69. Qc7+ {[%emt 0:00:15]} Qf4 {[%emt 0:00:05]} 70. Qh7 {[%emt 0:00:47]} h1=Q+ {[%emt 0:00:18]} 71. Qxh1 {[%emt 0:00:20]} Qf3+ {[%emt 0:00:03]} 72. Qxf3+ {[%emt 0:00:24]} gxf3 {[%emt 0:00:07]} 73. Ke1 {[%emt 0:00:04]} Kg2 {[%emt 0:00:04]} 0-1

[Event "Lviv Tradition May 2018"]
[Site "Lviv"]
[Date "2018.05.16"]
[Round "1"]
[White "Galperin, Platon"]
[Black "Mirzoev, Emil"]
[Result "1/2-1/2"]
[WhiteElo "2332"]
[BlackElo "2418"]
[Annotator "TA"]
[PlyCount "61"]
[EventDate "2018.??.??"]
[EventType "tourn"]
[EventCountry "UKR"]
[SourceTitle "playchess.com"]
[Source "ChessBase"]
[SourceQuality "1"]

{[%evp 28,61,0,-14,0,0,0,0,8,0,6,12,20,11,10,33,26,0,0,-37,0,-12,0,0,14,0,0,0,0,0,0,0,17,6,14,0]} 1. d4 Nf6 2. c4 c5 3. d5 b5 4. cxb5 a6 5. bxa6 g6 6. Nc3 Bxa6 7. e4 Bxf1 8. Kxf1 d6 9. h3 Nbd7 10. Nf3 Bg7 11. Kg1 O-O 12. Kh2 Qa5 13. Re1 Rfb8 14. Re2 Ne8 15. Bg5 {LiveBook: 6 Games. A59: Benko/Volga Gambit: White castles by hand} (15. Rc2 {keeps more tension.} Qa6 16. a4 Nc7 17. a5 Nb5 18. Ne2) (15. Rc2 Nc7 16. Bg5 Kf8 17. Rac1 Qa6 18. Qd2 Nb5 19. Bh6 Bxh6 20. Qxh6+ Kg8 21. Nxb5 Rxb5 22. b3 Rb4 23. Re1 f6 {1-0 (44) Sedlak,N (2550)-Berkes,F (2678) Hungary 2011}) 15... Bxc3 16. bxc3 f6 17. Bd2 Qa4 18. Qe1 Qc4 $146 ({Predecessor:} 18... Nb6 19. Bc1 Nc4 20. Nh4 Rb7 21. Bh6 Rab8 22. f4 Rb2 23. Rxb2 Rxb2 {1-0 (45) Kosyrev,V (2535)-Serov,M (2264) Minsk 2006}) 19. Bh6 Nc7 20. Rc1 Rxa2 21. Rxa2 Qxa2 22. c4 Kf7 23. Be3 Rb7 24. Bh6 {The position is equal.} Kg8 25. Be3 Rb6 26. Bh6 Kf7 27. Be3 Qb3 28. Rc3 Qb4 29. Bd2 Kg8 30. Rc1 Qb3 31. Rc3 {Precision: White = 45%, Black = 41%.} 1/2-1/2

[Event "Lviv Tradition May 2018"]
[Site "Lviv"]
[Date "2018.05.16"]
[Round "1"]
[White "Peng, Li Min"]
[Black "Terletsky, Oleg"]
[Result "1-0"]
[WhiteElo "2320"]
[BlackElo "2288"]
[Annotator "NA"]
[PlyCount "73"]
[EventDate "2018.??.??"]
[EventType "tourn"]
[EventCountry "UKR"]
[SourceTitle "playchess.com"]
[Source "ChessBase"]
[SourceQuality "1"]
[TimeControl "5400+30"]

1. Nf3 {[%emt 0:00:00]} Nf6 {[%emt 0:00:11]} 2. g3 {[%emt 0:00:00]} g6 {[%emt 0:00:07]} 3. Bg2 {[%emt 0:00:00]} Bg7 {[%emt 0:00:07]} 4. O-O {[%emt 0:00:00]} O-O {[%emt 0:00:07]} 5. c4 {[%emt 0:00:00]} d6 {[%emt 0:00:19]} 6. d4 {[%emt 0:00:00]} Nbd7 {[%emt 0:00:06]} 7. b3 {[%emt 0:00:07]} e5 {[%emt 0:00:14]} 8. dxe5 {[%emt 0:00:07] E60: King's Indian: Unusual lines and Fianchetto Variation without Nc3} dxe5 {[%emt 0:03:08]} 9. Bb2 {[%emt 0:03:45]} Re8 {[%emt 0:02:08]} (9... e4 10. Ne1 Re8 11. Nc2 c6 12. Qd2 Qe7 13. Nc3 Qc5 14. h4 h6 15. Rad1 Qh5 16. Ne3 Nf8 17. Qc2 Bf5 18. Rd6 N8h7 19. Na4 Bg4 20. Nc3 Bf5 21. Na4 Bg4 22. Nc3 {½-½ (22) Bu,X (2681)-Sasikiran,K (2682) Tsaghkadzor 2015}) 10. Nxe5 {[%emt 0:05:28]} Ng4 {[%emt 0:10:47]} 11. Nd3 {[%emt 0:06:16]} Bxb2 {[%emt 0:02:07]} 12. Nxb2 {[%emt 0:00:04]} Qf6 {[%emt 0:00:09]} 13. Qd2 {[%emt 0:03:53]} Nc5 {[%emt 0:04:45]} 14. Nc3 {[%emt 0:10:58]} c6 {[%emt 0:00:07]} 15. h3 {[%emt 0:02:09]} Ne5 {[%emt 0:01:27]} 16. f4 {[%emt 0:01:11]} Ned7 {[%emt 0:00:06]} 17. e4 $146 {[%emt 0:00:41]} ({Predecessor:} 17. Rad1) 17... Qe7 {[%emt 0:01:06]} 18. Rad1 {[%emt 0:02:11]} a5 {[%emt 0:00:29]} 19. Qf2 {[%emt 0:05:47]} f6 {[%emt 0:00:41]} 20. Rfe1 {[%emt 0:00:32]} Nf8 {[%emt 0:02:04]} 21. Nba4 {[%emt 0:06:23]} Nxa4 {[%emt 0:00:18]} 22. Nxa4 {[%emt 0:00:04]} Be6 {[%emt 0:00:20]} 23. Qc5 {[%emt 0:02:14]} Nd7 {[%emt 0:02:13]} 24. Qxe7 {[%emt 0:04:39]} Rxe7 {[%emt 0:00:08]} 25. c5 {[%emt 0:00:03]} Rae8 {[%emt 0:06:45]} 26. Rd6 {[%emt 0:00:28]} f5 {[%emt 0:01:57]} 27. e5 {[%emt 0:02:09]} Bf7 {[%emt 0:01:08]} 28. Red1 {[%emt 0:03:24]} Nf8 {[%emt 0:00:55]} 29. Bf1 {[%emt 0:00:39]} Bd5 {[%emt 0:00:56]} 30. Nb6 {[%emt 0:03:19]} Bf3 {[%emt 0:00:16]} 31. R1d4 {[%emt 0:03:36]} Kg7 {[%emt 0:01:37]} 32. Bc4 {[%emt 0:00:08]} g5 {[%emt 0:01:05]} 33. Kf2 {[%emt 0:07:57]} Be4 {[%emt 0:00:23]} 34. Rd8 {[%emt 0:02:00]} Rxd8 $18 {[%emt 0:06:29]} 35. Rxd8 {[%emt 0:00:10]} Ng6 {[%emt 0:00:07]} 36. Nc8 {[%emt 0:00:34]} Rc7 {[%emt 0:00:54]} 37. Nd6 {[%emt 0:00:07]} 1-0

[Event "Lviv Tradition May 2018"]
[Site "Lviv"]
[Date "2018.05.16"]
[Round "1"]
[White "Fiedorek, Michal"]
[Black "Goluch, Piotr"]
[Result "1/2-1/2"]
[WhiteElo "2081"]
[BlackElo "2351"]
[Annotator "NA"]
[PlyCount "150"]
[EventDate "2018.??.??"]
[EventType "tourn"]
[EventCountry "UKR"]
[SourceTitle "playchess.com"]
[Source "ChessBase"]
[SourceQuality "1"]
[TimeControl "5400+30"]

1. e4 {[%emt 0:00:00]} c6 {[%emt 0:00:05]} 2. d4 {[%emt 0:00:00]} d5 {[%emt 0:00:04]} 3. e5 {[%emt 0:00:00]} Bf5 {[%emt 0:00:27]} 4. h4 {[%emt 0:00:10]} h5 {[%emt 0:00:57]} 5. Bd3 {[%emt 0:00:19]} Bxd3 {[%emt 0:00:07]} 6. Qxd3 {[%emt 0:00:08]} e6 {[%emt 0:00:07]} 7. Bg5 {[%emt 0:00:08] B12: Caro-Kann: Advance Variation} Be7 {[%emt 0:00:22] LiveBook: 66 Games} 8. Nf3 {[%emt 0:01:06]} Nh6 {[%emt 0:00:31]} 9. Nc3 {[%emt 0:01:17]} Nf5 {[%emt 0:01:06]} 10. Ne2 {[%emt 0:01:53]} Nd7 {[%emt 0:04:57]} 11. c3 $146 {[%emt 0:02:10]} ({Predecessor:} 11. Nf4 c5 12. Bxe7 Nxe7 13. O-O cxd4 14. Nxd4 Qb6 {1-0 (30) Morozevich,A (2683)-Gunina,V (2497) Cheboksary 2016}) 11... Qb6 {[%emt 0:04:32]} 12. Qd2 {[%emt 0:14:11]} f6 {[%emt 0:09:05]} 13. exf6 {[%emt 0:05:05]} gxf6 {[%emt 0:00:08]} 14. Bf4 {[%emt 0:00:54]} Nd6 {[%emt 0:09:26]} 15. Qc2 {[%emt 0:03:38]} O-O-O {[%emt 0:01:46]} 16. O-O-O {[%emt 0:04:42]} Nc4 {[%emt 0:12:47]} 17. Nd2 {[%emt 0:16:06]} Nd6 {[%emt 0:02:21]} 18. Nf3 {[%emt 0:02:22]} Rdg8 {[%emt 0:00:19]} 19. Rhe1 {[%emt 0:12:28]} Rg4 {[%emt 0:13:14]} 20. Bg3 {[%emt 0:06:01]} Bf8 {[%emt 0:06:31]} 21. Nh2 {[%emt 0:05:35]} Bh6+ {[%emt 0:02:27]} 22. Kb1 {[%emt 0:00:20]} Nc4 {[%emt 0:00:04]} 23. Ka1 {[%emt 0:01:27]} Rgg8 {[%emt 0:07:43]} 24. b3 {[%emt 0:04:02]} Na3 {[%emt 0:00:29]} 25. Qb2 {[%emt 0:00:45]} Nb5 {[%emt 0:01:08]} 26. Nf3 {[%emt 0:04:19]} (26. c4 $5 {[%cal Rc4b5]} Nc7 27. Nf3 $14) 26... Re8 {[%emt 0:04:34]} 27. Nc1 {[%emt 0:02:53]} Qa5 {[%emt 0:01:03]} 28. c4 {[%emt 0:02:34]} Nc3 {[%emt 0:01:46]} 29. Rd3 {[%emt 0:01:19]} Ne4 {[%emt 0:00:06]} 30. b4 {[%emt 0:02:59]} Qb6 {[%emt 0:00:59]} 31. c5 {[%emt 0:00:40]} Qd8 {[%emt 0:00:15]} 32. Bh2 {[%emt 0:01:35]} Rhg8 {[%emt 0:01:28]} 33. b5 {[%emt 0:01:24]} e5 {[%emt 0:05:05]} 34. Ra3 {[%emt 0:01:51]} Qc7 {[%emt 0:03:36]} 35. Rxa7 {[%emt 0:01:00]} cxb5 {[%emt 0:00:07]} 36. Qxb5 {[%emt 0:01:18]} Qc6 {[%emt 0:00:29]} 37. Ra8+ {[%emt 0:00:38]} Nb8 {[%emt 0:00:04]} 38. Qxc6+ {[%emt 0:00:35]} bxc6 {[%emt 0:00:32]} 39. Nd3 {[%emt 0:00:26]} Nd2 {[%emt 0:04:36]} 40. dxe5 {[%emt 0:00:30]} Kb7 {[%emt 0:00:30]} 41. Ra4 {[%emt 0:00:33]} Rxg2 {[%emt 0:00:18]} 42. Nxd2 {[%emt 0:00:42]} Bxd2 {[%emt 0:00:05]} 43. Rb1+ {[%emt 0:00:13]} Kc8 {[%emt 0:00:04]} 44. Bg3 {[%emt 0:00:23]} Bc3+ {[%emt 0:00:04]} 45. Nb2 {[%emt 0:00:09]} fxe5 {[%emt 0:00:15]} 46. a3 {[%emt 0:00:29] [#]} Re7 {[%emt 0:00:46]} (46... Rg8 $1 $19 {and Black stays clearly on top.} 47. Ka2 R8xg3 48. fxg3 Nd7 49. Ra8+ Kb7) 47. Ka2 {[%emt 0:00:31] [#]} Rb7 $2 {[%emt 0:00:31]} ({Black should play} 47... Bd4 $1 $19 48. Nd3 {[#]} Bxf2 $1 {[%mdl 512]} 49. Bxf2 e4) 48. Nd3 {[%emt 0:00:26]} Rxb1 {[%emt 0:00:05]} 49. Kxb1 {[%emt 0:00:04]} Nd7 {[%emt 0:00:59]} 50. Kc2 {[%emt 0:00:46]} Bd4 {[%emt 0:00:13]} 51. Ra8+ {[%emt 0:01:27]} Kb7 {[%emt 0:00:05]} 52. Rh8 {[%emt 0:00:47]} Nxc5 {[%emt 0:00:55]} (52... Bxf2 $5 53. Bxf2 e4 $17) 53. Rxh5 {[%emt 0:00:17]} Nxd3 {[%emt 0:02:12]} (53... Bxf2 $5 54. Bxf2 Nxd3 55. Kxd3 Rxf2 56. Rxe5 Ra2 $15) 54. Kxd3 {[%emt 0:00:04]} Kb6 {[%emt 0:00:39]} 55. Ke2 {[%emt 0:00:38]} Rg1 $1 {[%emt 0:00:19]} 56. Bxe5 {[%emt 0:00:30]} Bxe5 {[%emt 0:00:04]} 57. Rxe5 {[%emt 0:00:05]} Rh1 {[%emt 0:00:08]} 58. Rh5 {[%emt 0:00:37]} Kb5 {[%emt 0:00:08]} 59. Rh8 {[%emt 0:00:08] [#]} (59. a4+ $11 {remains equal.} Kb4 60. f4) 59... Kc4 $1 {[%emt 0:00:11]} 60. h5 {[%emt 0:00:57] [#]} c5 $2 {[%emt 0:00:03]} (60... d4 $1 $19 61. h6 Kc3) 61. h6 {[%emt 0:00:16]} Kc3 {[%emt 0:00:29]} 62. h7 {[%emt 0:00:42]} c4 {[%emt 0:00:04]} 63. Rd8 $1 {[%emt 0:00:43]} Rxh7 {[%emt 0:00:05]} 64. Rxd5 {[%emt 0:00:07]} Kc2 {[%emt 0:00:32]} 65. f4 {[%emt 0:01:21]} c3 {[%emt 0:00:29]} 66. f5 {[%emt 0:00:16]} Rh4 {[%emt 0:00:04]} 67. Rb5 {[%emt 0:00:47]} Kc1 {[%emt 0:00:31]} 68. Ke3 {[%emt 0:00:37]} c2 {[%emt 0:00:28]} 69. f6 $2 {[%emt 0:00:18] [#]} (69. a4 $11) 69... Rh6 $2 {[%emt 0:03:58]} (69... Rc4 $1 $19 70. Kd3 Rf4) 70. Rb6 {[%emt 0:00:44]} Rh3+ {[%emt 0:02:24]} 71. Ke4 {[%emt 0:00:26]} Kd2 {[%emt 0:00:04]} 72. Rd6+ {[%emt 0:00:23]} Ke2 {[%emt 0:01:11]} 73. Rc6 {[%emt 0:00:11]} Rh4+ {[%emt 0:00:57]} 74. Kf5 {[%emt 0:00:29]} Kd3 {[%emt 0:00:04]} 75. f7 {[%emt 0:00:43]} Rh1 $11 {[%emt 0:01:09] Ke4+} 1/2-1/2

[Event "Lviv Tradition May 2018"]
[Site "Lviv"]
[Date "2018.05.17"]
[Round "2"]
[White "Badelka, Olga"]
[Black "Bogdanov, Egor"]
[Result "1/2-1/2"]
[WhiteElo "2397"]
[BlackElo "2335"]
[Annotator "ChessBase"]
[PlyCount "94"]
[EventDate "2018.??.??"]
[EventType "tourn"]
[EventCountry "UKR"]
[SourceTitle "playchess.com"]
[Source "ChessBase"]
[SourceQuality "1"]
[TimeControl "5400+30"]

1. d4 {[%emt 0:00:00]} Nf6 {[%emt 0:04:36]} 2. c4 {[%emt 0:00:00]} g6 {[%emt 0:00:06]} 3. Nc3 {[%emt 0:00:00]} Bg7 {[%emt 0:00:04]} 4. e4 {[%emt 0:00:00]} O-O {[%emt 0:00:06]} 5. Nge2 {[%emt 0:00:00]} d6 {[%emt 0:01:39]} 6. Ng3 {[%emt 0:00:00]} c5 {[%emt 0:00:13]} 7. d5 {[%emt 0:00:04]} e6 {[%emt 0:00:25]} 8. Be2 {[%emt 0:00:15]} exd5 {[%emt 0:00:43]} 9. cxd5 {[%emt 0:00:06]} h5 {[%emt 0:00:18]} 10. Bg5 {[%emt 0:09:16]} Qb6 {[%emt 0:03:43]} 11. O-O {[%emt 0:01:07]} Nh7 {[%emt 0:02:17]} 12. Bd2 {[%emt 0:00:13]} Nd7 {[%emt 0:04:57]} 13. h3 {[%emt 0:04:28]} h4 {[%emt 0:09:52]} 14. Nh1 {[%emt 0:00:06]} Re8 {[%emt 0:01:31]} 15. Qc2 {[%emt 0:01:31]} Bd4 {[%emt 0:12:27]} 16. Nb5 {[%emt 0:06:11]} Be5 {[%emt 0:03:01]} 17. a4 {[%emt 0:04:48]} a6 {[%emt 0:06:17]} 18. a5 {[%emt 0:00:09]} Qd8 {[%emt 0:00:18]} 19. f4 {[%emt 0:05:51]} axb5 {[%emt 0:00:18]} 20. fxe5 {[%emt 0:00:03]} Nxe5 {[%emt 0:00:40]} 21. Bxb5 {[%emt 0:00:05]} Bd7 {[%emt 0:00:31]} 22. Bxd7 {[%emt 0:04:28]} Qxd7 {[%emt 0:00:43]} 23. Rf4 {[%emt 0:00:20]} Qb5 {[%emt 0:03:42]} 24. Nf2 {[%emt 0:05:40]} g5 {[%emt 0:07:07]} 25. Rf5 {[%emt 0:00:10]} f6 {[%emt 0:00:36]} 26. Bc3 {[%emt 0:02:40]} Rf8 {[%emt 0:05:51]} 27. Rf1 {[%emt 0:02:18]} Rxa5 {[%emt 0:02:39]} 28. Bxa5 {[%emt 0:11:03]} Qxa5 {[%emt 0:01:17]} 29. Nd3 {[%emt 0:00:03]} Nd7 {[%emt 0:00:19]} 30. Qd1 {[%emt 0:08:05]} c4 {[%emt 0:01:49]} 31. Nf2 {[%emt 0:00:47]} Qc5 {[%emt 0:02:20]} 32. Kh1 {[%emt 0:03:41]} Ne5 {[%emt 0:01:32]} 33. Ng4 {[%emt 0:00:14]} Nxg4 {[%emt 0:03:47]} 34. Qxg4 {[%emt 0:00:04]} b5 {[%emt 0:01:01]} 35. R5f3 {[%emt 0:01:17]} Kg7 {[%emt 0:00:52]} 36. Ra3 {[%emt 0:01:34]} Rf7 {[%emt 0:05:15]} 37. Ra8 {[%emt 0:01:54]} Nf8 {[%emt 0:00:51]} 38. Rfa1 {[%emt 0:05:56]} Qd4 {[%emt 0:02:34]} 39. Qe2 {[%emt 0:05:29]} Ng6 {[%emt 0:02:54]} 40. Re8 {[%emt 0:13:05]} Nf4 {[%emt 0:01:42]} 41. Qg4 {[%emt 0:00:25]} Qxb2 {[%emt 0:03:43]} 42. Raa8 {[%emt 0:00:59]} Qc1+ {[%emt 0:00:50]} 43. Kh2 {[%emt 0:00:03]} Ng6 {[%emt 0:00:11]} 44. Qh5 {[%emt 0:06:10]} Qf4+ {[%emt 0:02:39]} 45. Kh1 {[%emt 0:00:06]} Qf1+ {[%emt 0:00:51]} 46. Kh2 {[%emt 0:00:04]} Qf4+ {[%emt 0:01:24]} 47. Kh1 {[%emt 0:00:04]} Qf1+ {[%emt 0:02:04]} 1/2-1/2

[Event "Lviv Tradition May 2018"]
[Site "Lviv"]
[Date "2018.05.17"]
[Round "2"]
[White "Shkuran, Danylo"]
[Black "Mirzoev, Emil"]
[Result "1/2-1/2"]
[WhiteElo "2395"]
[BlackElo "2418"]
[Annotator "TA"]
[PlyCount "61"]
[EventDate "2018.??.??"]
[EventType "tourn"]
[EventCountry "UKR"]
[SourceTitle "playchess.com"]
[Source "ChessBase"]
[SourceQuality "1"]

{[%evp 18,61,21,-6,-6,-4,0,-11,0,-6,-18,-13,-8,-10,32,20,16,0,0,-10,13,6,13,11,12,16,24,14,18,18,22,11,8,14,19,0,18,18,18,18,55,54,67,57,62,40]} 1. e4 c6 2. d4 d5 3. Nc3 dxe4 4. Nxe4 Nf6 5. Nxf6+ exf6 6. Nf3 Bd6 7. Be2 O-O 8. O-O Bg4 9. h3 Bh5 10. Nh4 {LiveBook: 4 Games. B15: Caro-Kann: 3 Nc3: 3...g6 and 3...dxe4 4 Nxe4 Nf6 5 Nxf6+ exf6} Bxe2 (10... Bg6 11. Bd3 Bc7 12. c3 Qd6 13. g3 Qd7 14. Kh2 a5 15. a4 Na6 16. Nxg6 hxg6 17. Qf3 Bd6 {½-½ (64) Kannappan,P (2484)-Shimanov,A (2627) Philadelphia 2016}) 11. Qxe2 Re8 12. Qd3 {The position is equal.} g6 $146 ({Predecessor:} 12... Na6 13. c3 g6 14. Bd2 f5 15. Nf3 f4 16. Rfe1 Qf6 17. Re4 Rxe4 18. Qxe4 {½-½ (60) Holze,G-Fohler,M Wiesbaden 1998}) 13. Bd2 Nd7 14. Rfe1 Qc7 15. Nf3 Kg7 16. Rxe8 Rxe8 17. Re1 Rxe1+ 18. Bxe1 Qb6 19. b3 Qd8 20. c4 Qe7 21. Bc3 a6 22. Kf1 h5 23. Qe2 Kf8 24. Qxe7+ Kxe7 $11 {[%mdl 4096] Endgame KBN-KBN} 25. Ke2 f5 26. Ne1 Nf6 27. Nd3 Ne4 28. Be1 Ke6 29. f3 {White is slightly better.} Nf6 30. Bb4 Bxb4 31. Nxb4 {Precision: White = 51%, Black = 57%.} 1/2-1/2